000 00746 a2200253 4500
005 20240305165402.0
007 cr|||| ||||
008 130121e2012 ck |||||s|||| 00||0 spa d
020 _a9586485625
035 _a6868
040 _avLex
090 _c3563
_d3563
100 1 0 _aBaena Toro, Diego
245 1 0 _aSistema Financiero Colombiano
_h[Recurso electrónico]
256 _aServicio en línea
260 _aBogotá :
_bECOE,
_c2012
300 _a1 Recurso electrónico
650 0 4 _aDerecho tributario
_zColombia
650 0 4 _aBanca y finanzas
_zColombia
700 1 0 _aHoyos Walteros, Hernán
740 _avLex Libros (Servicio en línea)
856 _aAcceso restringido
_uhttp://www.vlex.com/source/6868
942 _cRAA
999 _c161952
_d161952